| 000 | 00792nam a2200193 a 4500 | ||
|---|---|---|---|
| 008 | 120416s1999 ||||||||||||||||| || u | ||
| 020 | _a9282010929 | ||
| 050 | _aJC 458 Haz | ||
| 100 | _aHazoume, Marc-Laurent | ||
| 245 | 1 | 0 | _aAfrica and the democratic challenge |
| 246 | _aan essay on adult education for democracy and... | ||
| 260 |
_aHamburg _bUNESCO _c1999 |
||
| 300 | _aiv, 77p. | ||
| 350 | _a0.00 | ||
| 650 | _aPOLITICS | ||
| 650 | _aDEMOCRATIC CHALLENGE--AFRICA | ||
| 995 |
_aMAIN LIBRARY OPEN ACCESS _D0.00 _e734304 _FCBU-MAIN LIBRARY (Kitwe) _H2 _I12.90 _jJC 458 Haz _M2 _UAVAILABLE _y46531 _ZMain Library Open Access Collection |
||
| 995 |
_aANNEX COLLECTION (Main Library) _D0.00 _e734303 _FCBU-MAIN LIBRARY (Kitwe) _H1 _I12.90 _jJC 458 Haz _M1 _UAVAILABLE _y46569 _ZAnnex Low-Usage Collection |
||
| 999 |
_c83761 _d83761 |
||